Ne yaptığını biliyorum/ (Record no. 72797)
| 000 -BAŞLIK | |
|---|---|
| Sabit Uzunluktaki Kontrol Alanı | 01680nam a22003857a 4500 |
| 001 - KONTROL NUMARASI | |
| Control Dosyası | 0072045 |
| 003 - KONTROL NUMARASI KİMLİĞİ | |
| Kontrol Alanı | KOHA_MİRAKIL |
| 005 - EN SON İŞLEM TARİHİ ve ZAMANI | |
| Kontrol Alanı | 20260207005038.0 |
| 007 - FİZİKSEL TANIM SABİT ALAN - GENEL BİLGİ | |
| Sabit uzunluklu kontrol alanı | ta |
| 008 - SABİT UZUNLUKTAKİ VERİ ÖGELERİ - GENEL BİLGİ | |
| Sabit Alan | 240913b2024 tu |||gr||||#0|||1|tur | |
| 020 ## - ISBN - ULUSLARARASI STANDART KİTAP NUMARASI | |
| Isbn | 9786257550857 |
| 040 ## - KATALOGLAMA KAYNAĞI | |
| Özgün Kataloglama Kurumu | TR-BiSEU |
| Kataloglama Dili | tur |
| Çeviri Kurumu | TR-BiSEU |
| Açıklama Kuralları | rda |
| 041 0# - DİL KODU | |
| Metin ya da ses kaydının dil kodu | tur |
| 044 ## - YAYINLAYAN/ÜRETEN KURULUŞUN ÜLKE KODU | |
| ISO country code | tu |
| 050 ## - SINIFLAMA ve YER NUMARASI | |
| Sınıflama Numarası | PR6106.E34 |
| Yer Numarası | N4 2024 |
| 100 1# - KİŞİ ADI | |
| Yazar Adı (Kişi adı) | Feeney, Alice. |
| 245 1# - ESER ADI BİLDİRİMİ | |
| Başlık | Ne yaptığını biliyorum/ |
| Sorumluluk Bildirimi | Alice Feeney ; Alice Feeney; çeviri Zehra Uzun. |
| 250 ## - BASIM BİLDİRİMİ | |
| Basım Bildirimi | 11. Baskı |
| 264 #1 - ÜRERİM, YAYIN, DAĞITIM ve TELİF BİLDİRİMİ | |
| Yayın yeri | İstanbul : |
| Yayınlayan | Yabancı Yayınları |
| Yayın tarihi | 2024 |
| 300 ## - FİZİKSEL TANIMLAMA | |
| Sayfa, Cilt vb. | 337 sayfa; 21 cm. |
| 336 ## - İÇERİK TÜRÜ | |
| Content type term | metin |
| Content type code | txt |
| Source | rdacontent |
| 337 ## - MEDYA TÜRÜ | |
| Media type term | aracısız |
| Media type code | n |
| Source | rdamedia |
| 338 ## - TAŞIYICI TÜRÜ | |
| Carrier type term | cilt |
| Carrier type code | nc |
| Source | rdacarrier |
| 490 1# - DİZİ BİLDİRİMİ | |
| Dizi Bildirimi | Yabancı yayınları ; |
| Cilt Numarası | 406 |
| 500 ## - GENEL NOT | |
| Genel Not | Özgün eser adı: His & hers. |
| 505 ## - İÇİNDEKİLER NOTU | |
| İçindekiler Notu | "Karımı Üç Kelimeyle Anlatabilirim: |
| 650 #0 - KONU BAŞLIĞI EK GİRİŞ - KONU TERİMİ | |
| Konusal terim veya coğrafi ad | İngiliz edebiyatı--Roman. |
| 9 (RLIN) | 25061 |
| 650 #0 - KONU BAŞLIĞI EK GİRİŞ - KONU TERİMİ | |
| Konusal terim veya coğrafi ad | Polisiye gerilim--Roman. |
| 9 (RLIN) | 142966 |
| 650 #0 - KONU BAŞLIĞI EK GİRİŞ - KONU TERİMİ | |
| Konusal terim veya coğrafi ad | Gizemli olaylar--Gerilim. |
| 9 (RLIN) | 142967 |
| 650 #0 - KONU BAŞLIĞI EK GİRİŞ - KONU TERİMİ | |
| Konusal terim veya coğrafi ad | Cinayet soruşturması. |
| 9 (RLIN) | 142968 |
| 650 #0 - KONU BAŞLIĞI EK GİRİŞ - KONU TERİMİ | |
| Konusal terim veya coğrafi ad | English literature--Novel.Detective thriller--Novel.Mysteries--Thriller.Murder investigation. |
| 9 (RLIN) | 142969 |
| 830 1# - SERİ EK GİRİŞİ - TEKBİÇİM ESER ADI | |
| Tekbiçim Başlık | Yabancı yayınları ; |
| Volume number/sequential designation | 406 |
| 9 (RLIN) | 142965 |
| 907 ## - LOCAL DATA ELEMENT G, LDG (RLIN) | |
| a | Roman |
| 942 ## - EK GİRİŞ ÖGELERİ (KOHA) | |
| Source of classification or shelving scheme | Library of Congress Classification |
| Koha item type | Book |
| 505 ## - İÇİNDEKİLER NOTU | |
| -- | GÜZEL. HIRSLI. MERHAMETSİZ. |
| -- | Kocamı Tanımlamak İçin Tek Kelime Yeter: |
| -- | YALANCI. |
| -- | Tipik bir İngiliz kasabası olan Blackdown'da bir kadın öldürüldüğünde, BBC spikeri Anna Andrews bu haberi yapmak istemiyordu. Dedektif Jack Harper'sa onun bu vakayla bir alakası olduğundan şüpheleniyordu. Ta ki başında bulunduğu cinayet soruşturmasında kendi de şüpheli durumuna düşene kadar." |
| Materyal Türü | Kalıcı Konum | Mevcut Konum | Raf Yeri | Sınıflandırma Kaynağı | Edinim Bilgisi | Ana Konular | Alt Konular | Yer Numarası | Demirbaş Numarası | Fatura Tarihi | Geri Çekilme Durumu | Kayıp Durumu | Hasarlı Durumu | Kredi için değil | Kayıt Tarih | Toplam Ödünçverme | Son Görülme Tarihi | Son Kontrol Tarihi |
|---|---|---|---|---|---|---|---|---|---|---|---|---|---|---|---|---|---|---|
| Book | Prof. Dr. Azmi Özcan Kütüphanesi | Prof. Dr. Azmi Özcan Kütüphanesi | Birûni Salonu | Library of Congress Classification | Satın | DİL VE EDEBİYAT | İngiliz Edebiyatı | PR6106.E34 N4 2024 | 0072045 | 02/02/2026 | 13/09/2024 | 2 | 27/11/2025 | 27/11/2025 |
